|
|
|
|
| LEADER |
00000nab a2200000uu 4500 |
| 001 |
vtls011442246 |
| 003 |
SK-MaSNL |
| 005 |
20260303123320.0 |
| 008 |
230213|1971 xo |||||||||||||||||slo| |
| 015 |
|
|
|a SNBRB
|
| 035 |
|
|
|a (urnnbn)urn:nbn:sk:snk:ar-0031ym
|
| 035 |
|
|
|a (uuid)9b6a53bd-c5f7-4f15-988c-220538a46028
|
| 035 |
|
|
|a urn:nbn:sk:snk-abcgb1
|
| 040 |
|
|
|a SNKBUCL
|b slo
|c SNKBUCL
|e AACR2
|
| 041 |
0 |
|
|a slo
|
| 044 |
|
|
|a xo
|c SK
|
| 100 |
1 |
|
|a Štepanovičová, Oľga,
|d 1929-
|4 aut
|9 27350
|
| 245 |
1 |
0 |
|a ANALÝZA KVALITATÍVNO-KVANTITATÍVNYCH VZŤAHOV HETEROPTER NA ZIMOVISKÁCH
|c Oľga Štepanovičová, Pavel Kovačovský
|
| 700 |
1 |
|
|a Kovačovský, Pavel
|4 aut
|9 809713
|
| 773 |
0 |
|
|t Biológia : časopis Slovenskej akadémie vied
|g Roč. 26, č. 2 (1971), s. 115-123
|
| 954 |
|
|
|a odborná, vedecká literatúra pôvodná (slovenská)
|2 lita
|
| 958 |
|
|
|a OND
|
| 958 |
|
|
|a EUIPO
|
| 958 |
|
|
|a article16
|
| 999 |
|
|
|c 1925123
|d 1927053
|